书目信息 |
| 题名: |
高等院校集中军事训练教材
|
|
| 作者: | 王强 主编 | |
| 分册: | ||
| 出版信息: | 北京 对外经济贸易大学出版社 2000 |
|
| 页数: | 196页 | |
| 开本: | 20cm | |
| 丛书名: | ||
| 单 册: | ||
| 中图分类: | E251.3 | |
| 科图分类: | ||
| 主题词: | 军事训练--高等学校--教材 | |
| 电子资源: | ||
| ISBN: | 7-81000-862-5 | |
| 000 | 00611nam0 2200193 450 | |
| 001 | 0753241236 | |
| 005 | 20070721165613.54 | |
| 010 | @a7-81000-862-5@dCNY9.00 | |
| 100 | @a20070720d2000 km y0chiy0120 ea | |
| 101 | 0 | @achi |
| 102 | @aCN@b110000 | |
| 200 | 1 | @a高等院校集中军事训练教材@Agao deng yuan xiao ji zhong jun shi xun lian jiao cai@f王强等主编@Fwang qiang deng zhu bian |
| 210 | @a北京@c对外经济贸易大学出版社@d2000@h2002 | |
| 215 | @a196页@d20cm | |
| 606 | 0 | @a军事训练@x高等学校@x教材 |
| 690 | @aE251.3@v3 | |
| 701 | 0 | @a王强@Awang qiang@4主编 |
| 801 | 0 | @aCN@bPFT@c20070721 |
| 905 | @a10447@dE251.3@e12 | |
| 高等院校集中军事训练教材/王强等主编.-北京:对外经济贸易大学出版社,2000(2002) |
| 196页;20cm |
| ISBN 7-81000-862-5:CNY9.00 |
| ● |
| 相关链接 |
|
|
|
|
正题名:高等院校集中军事训练教材
索取号:E251.3/12
 
预约/预借
| 序号 | 登录号 | 条形码 | 馆藏地/架位号 | 状态 | 备注 |
| 1 | 0767679 | 207676790 | 第一样本阅览室/ [索取号:E251.3/12] | 在馆 |